Business Environment (Record no. 3949)

MARC details
000 -LEADER
fixed length control field 00359nam a22001577a 4500
005 - DATE AND TIME OF LATEST TRANSACTION
control field 20180327120620.0
008 - FIXED-LENGTH DATA ELEMENTS--GENERAL INFORMATION
fixed length control field 160625b xxu||||| |||| 00| 0 eng d
041 ## - LANGUAGE CODE
Language code of text/sound track or separate title eng
082 ## - DEWEY DECIMAL CLASSIFICATION NUMBER
Item number 10012
Classification number 338.7
100 ## - MAIN ENTRY--AUTHOR NAME
Personal name Cherunilam, Francis
245 ## - TITLE STATEMENT
Title Business Environment
260 ## - PUBLICATION, DISTRIBUTION, ETC. (IMPRINT)
Name of publisher HPH
Year of publication 2007
300 ## - PHYSICAL DESCRIPTION
Number of Pages 712
650 ## - SUBJECT ADDED ENTRY--TOPICAL TERM
Topical Term Management
942 ## - ADDED ENTRY ELEMENTS (KOHA)
Koha item type Books
Holdings
Lost status Damaged status Collection code Home library Current library Shelving location Date acquired Cost, normal purchase price Full call number Accession Number Koha item type
    MANAGEMENT JRU Library   SHELF-60-G 25/06/2016 310.00 338.7 10012 Books